| 000 | 00492nam a2200157Ia 4500 | ||
|---|---|---|---|
| 003 | OSt | ||
| 005 | 20200826144842.0 | ||
| 008 | 190216s9999||||xx |||||||||||||| ||und|| | ||
| 040 | _coclc | ||
| 082 |
_a658.4038 _bKOR/I |
||
| 100 |
_aKoroth, Abdul Assis _91079 |
||
| 245 | 0 |
_aInformation Technology For Management / _cAbdul Assis Koroth |
|
| 260 |
_bCalicut University Central Co-Operative, _c2004. |
||
| 300 | _a360p | ||
| 942 |
_cBK _2ddc _h658.4038 _iKOR/I _k658.4038 _mKOR/I |
||
| 999 |
_c8860 _d8860 |
||